| 000 | 00799cam a2200253 4500 | ||
|---|---|---|---|
| 001 | L159555 | ||
| 008 | 170907n2017 000 0 eng u | ||
| 020 | _a9782884320801 | ||
| 035 | _a(Sirsi) u159555 | ||
| 041 | 0 | _aeng | |
| 050 |
_a624.08 _c18 |
||
| 110 |
_aFederation Internationale des Ingenieurs-Conseils _9764 |
||
| 245 | _aSub-consultancy agreement | ||
| 250 | _a2 ed | ||
| 260 |
_aLausanne _bFIDIC _c2017 |
||
| 300 |
_a22p. _c30cm. |
||
| 520 | _aThe Sub-Consultancy agreement is for use where a Consultant is appointed in accordance with the Client/Consultant Model Services Agreement engaging a Sub-Consultant. | ||
| 590 | _aNTK | ||
| 650 | _aENGINEERING CONTRACTS | ||
| 650 | _aINTERNATIONAL CONTRACTS | ||
| 651 | 4 | _aInternational | |
| 690 |
_aContracts _96232 |
||
| 942 | _n0 | ||
| 999 |
_c115995 _d115995 |
||